|
|
|
|
| LEADER |
00000nab a2200000 a 4500 |
| 001 |
vtls000598566 |
| 003 |
SK-MaSNL |
| 005 |
20260304091424.0 |
| 008 |
250425c1996 xo 0 slo |
| 015 |
|
|
|a SNBRB19rr/mm-uuuuu
|
| 035 |
|
|
|a CL0598705
|
| 035 |
|
|
|a urn:nbn:sk:snk-ab6th9
|
| 035 |
|
|
|a (uuid)8500caf4-939a-40a6-83d3-656faa7753af
|
| 035 |
|
|
|a (urnnbn)urn:nbn:sk:snk:ar-a07f4u
|
| 035 |
|
|
|a (sysno)vtls000598566
|
| 040 |
|
|
|a SNKBUCL
|b slo
|c SNKBUCL
|e AACR2
|
| 041 |
0 |
|
|a eng
|
| 044 |
|
|
|a xo
|c SK
|
| 080 |
|
|
|a 616.728.3:615.276
|2 1981
|
| 080 |
|
|
|a 615.276
|2 1981
|
| 100 |
1 |
|
|a Sheitanov, Y.
|4 aut
|9 1383762
|
| 245 |
1 |
0 |
|a Application of Profenid (Ketoprofen) in Patients withnGonarthrosis
|c Y. Sheitanov, Zl. Kolarov, R. Stoilov
|
| 650 |
0 |
7 |
|a gonartróza
|2 snkbucl
|9 915899
|
| 650 |
0 |
7 |
|a ketoprofén
|2 snkbucl
|9 848171
|
| 650 |
0 |
7 |
|a Profenid (liek)
|2 snkbucl
|9 1383763
|
| 655 |
|
7 |
|a články z novín a časopisov
|2 snkbucl
|9 267496
|
| 700 |
1 |
|
|a Kolarov, Zl.
|4 aut
|9 1383764
|
| 700 |
1 |
|
|a Stoilov, R.
|4 aut
|9 1383765
|
| 773 |
0 |
|
|t Rheumatologia. Supplement 1
|g Roč. 10 (1996), s. 25
|
| 850 |
|
|
|a Slovenská národná knižnica
|
| 852 |
|
|
|a Slovenská národná knižnica
|
| 958 |
|
|
|a article27
|
| 958 |
|
|
|a RK
|
| 958 |
|
|
|a MI
|
| 958 |
|
|
|a NX
|
| 958 |
|
|
|a OND
|
| 958 |
|
|
|a EUIPO
|
| 992 |
|
|
|a RBX
|
| 999 |
|
|
|c 2815332
|d 2817262
|